Countries by 1st and Last Letter - Statistics

General Stats
  • This quiz has been taken 4,785 times
  • The average score is 9 of 10
Answer Stats
1st and last letters Country Name % Correct
L _ _ S Laos
99%
E _ _ _ T Egypt
95%
H _ _ _ _ _ _ S Honduras
94%
I _ _ _ Y Italy
93%
V _ _ _ _ _ U Vanuatu
93%
J _ _ _ _ N Jordan
87%
K _ _ _ _ T Kuwait
87%
G _ _ _ N Gabon
86%
M _ _ _ A Malta
80%
L _ _ _ _ _ A Liberia
69%
No matching quizzes found
Score Distribution
Percent of People with Each Score
Percentile by Number Answered
Your Score History
You have not taken this quiz